| 000 | 01403nam a2200277 4500 | ||
|---|---|---|---|
| 003 | PPAK | ||
| 005 | 20250804163306.0 | ||
| 008 | 250731s my abf f 000 0 eng d | ||
| 040 |
_aPPAK _beng _cPPAK _erda |
||
| 082 | 0 | 4 |
_223 _a959.51 |
| 090 | 0 | 0 |
_a959.51 _bMAL _dKK |
| 245 | 0 | 0 |
_aMALAY PENINSULA : _b(STRAITS SETTLEMENTS & FEDERATED MALAY STATES) / _cOriginal Photos and Copyright by C.J. Kleingrothe |
| 246 | 3 | 4 | _aMalaya peninsula |
| 264 | 1 |
_a[Medan, Sumatera] : _b[publisher not identified], _c[date of publication not identified] |
|
| 300 |
_a1 volume : _billustrations, plates, color maps ; _c33 x 36 cm |
||
| 336 |
_atext _2rdacontent |
||
| 337 |
_aunmediated _2rdamedia |
||
| 338 |
_avolume _2rdacarrier |
||
| 500 | _aPrinted title page, coloured map of the Federated Malay States and Straits Settlement, and 71 leaves containing 172 original photographs, photograph of a tiger pasted on the uppercover. | ||
| 500 | _a1 volume consists of plates | ||
| 505 |
_tSingapore : 43 photographs on 17 leaves -- _tPenang : 35 photographs on 16 leaves -- _tFederated Malay States : 89 photographs on 36 leaves -- _tMalacca : 4 photographs on 1 leafs -- _tSoengei :- Belawan : 1 photographs on 1 leaf. |
||
| 651 | 0 |
_aMalay Peninsula _xHistory _vPictorial works |
|
| 651 | 0 |
_aSingapore _xHistory _vPictorial works |
|
| 700 | 1 |
_aKleingrothe, C. J., _ephotographer. |
|
| 942 |
_2ddc _cB |
||
| 999 |
_c200148 _d200148 |
||